000 00628nam a2200229 a 4500
999 _c3474
_d3474
001 3474
003 BD-JhCC
005 20171129130242.0
008 171106s19641966bg |||| |||| 000 0 ben d
035 _a(BD-JhCC)3474
040 _aBD-JhCC
_dBD-JhCC
041 _aben
082 _a891.4415
_bHAB 1973
100 _aহাবীব, আহসান
245 _aসারা দুপুর /
_cআহসান হাবীব
260 _aঢাকা :
_bকথাবিতান,
_c1964.
300 _a55 p :
_c212cm.
650 _aBengali Poetry
650 _aBengali Literature
942 _2ddc
_cBK